LEADER 01390nam a2200253 i 4500 001 000000006417 003 CaOOAMICUS 005 20251219102148.0 008 180830s18921898it u000 u ita u 040 $aSeMil$bita 100 1 $aNinguarda, Feliciano,$c.$0(OLS)http://semarc/name/3353 245 10$aAtti della visita pastorale diocesana di Feliciano Ninguarda (1589-1593) /$cordinati e annotati dal sac. dott. Santo Monti ; e pubblicato per cura della Storica società comense. 260 $aComo :$bTipografia provinciale F. Ostinelli di C. A.,$c1892-1898. 300 $a2 v. ;$c27 cm. 650 4$aComo (Diocesi) - Storia.$0(OLS)http://semarc/subject/1 650 4$aNinguarda, Feliciano - Visite pastorali.$0(OLS)http://semarc/subject/946 700 1 $aMonti, Santo.$0(OLS)http://semarc/name/3354 700 1 $aSocietà Storica Comense .$0(OLS)http://semarc/name/67 773 0 $aSocietà storica per la Provincia e Antica Diocesi di Como$tRaccolta storica.$dComo : Ostinelli di C. A., 1892.$w()6416 774 0 $tParte 1.$kRaccolta storica$g1$w()50178 774 0 $tParte 2.$kRaccolta storica$g2$w()67923 996 $6245$aAtti della visita pastorale diocesana di Feliciano Ninguarda (1589-1593)$9(OLS)http://semarc/title/8524 996 $6260$aComo :$bTipografia provinciale F. Ostinelli di C. A.$9(OLS)http://semarc/publisher/31782 LEADER 00891nam a2200229 i 4500 001 000000182720 003 CaOOAMICUS 005 20091029000000.0 008 091029s1969 fr u000 u fre u 013 $a160681 040 $aSeMil$bita 100 1 $aPierrard, Pierre.$0(OLS)http://semarc/name/28640 245 13$aLe prêtre français /$cPierre Pierrard. 260 $aParis :$bBloud & Gay,$c1969. 300 $a192 p. ;$c20 cm. 500 $aContiene : Note bibliographique. 650 4$aSacerdozio - Storia.$0(OLS)http://semarc/subject/2314 650 4$aSacerdoti - Francia - Storia - Sec. 16.-20.$0(OLS)http://semarc/subject/31462 850 $aSeMil 852 $aSeMil$W1$xVenegono$y1$m3E I 170$j133424$B133424$CSeMilBibl$Z2$F145205 $81 996 $6245$aLe prêtre français$9(OLS)http://semarc/title/262158 996 $6260$aParis :$bBloud & Gay$9(OLS)http://semarc/publisher/31180